000 00691nam a2200217Ia 4500
003 GCL
008 140319s9999 xx 000 0 ara d
040 _aGCL /
_cGCL
082 0 4 _a183
_bأ ف
100 1 _aاميرة حلمى مطر
245 1 0 _aالفلسفة عند اليونان /
_cاميرة حلمى مطر
250 _aالاولى
260 _a[S.N] :
_bدار النهضة العربية ،
_c1981
300 _aص478 ؛
_c24سم
650 0 4 _aالفلسفة
650 0 4 _aالفلسفة اليونانية
650 0 4 _aالفلسفة الاخلاقية
650 0 4 _aالفلسفة الطبيعة
650 0 4 _aالفلسفة الهلنستية
942 _2ddc
_cBK
999 _c31188
_d31188